Systém riadenia CLLD pre programové obdobie 2014-2020

Miestny rozvoj vedený komunitou (CLLD - "Community Led Local Development") je nástroj na zapájanie sa do rozhodovania o sociálnom, environmentálnom a ekonomickou rozvoji územia. Je založený na princípe zdola-nahor a na znakoch metódy LEADER, doteraz využívanej len ako samostatná iniciatíva Európskej...

Descripción completa

Guardado en:
Detalles Bibliográficos
Autor principal: Brindzová, Zuzana
Formato: Capítulo de libro
Lenguaje:eslovaco
Materias:
Etiquetas: Agregar Etiqueta
Sin Etiquetas, Sea el primero en etiquetar este registro!

MARC

LEADER 00000nla a2200000 4500
001 0204506
005 20240502073420.9
041 0 |a slo 
044 |a SK 
245 1 0 |a Systém riadenia CLLD pre programové obdobie 2014-2020  |c Zuzana Brindzová 
520 |a Miestny rozvoj vedený komunitou (CLLD - "Community Led Local Development") je nástroj na zapájanie sa do rozhodovania o sociálnom, environmentálnom a ekonomickou rozvoji územia. Je založený na princípe zdola-nahor a na znakoch metódy LEADER, doteraz využívanej len ako samostatná iniciatíva Európskej únie a súčasť programov rozvoja. 
610 2 0 |a rozvoj regionálny 
610 2 0 |a euroregióny 
610 2 0 |a fondy Európskej únie 
610 2 0 |a programy operačné 
610 2 0 |a projekty medzinárodné 
610 2 0 |a spolupráca medzinárodná 
100 1 |a Brindzová, Zuzana